[Event "45th FIDE Chess Olympiad Open"]
[Site "Budapest, Hungary"]
[Date "2024.09.22"]
[Round "11"]
[White "Garcia, Jan Emmanuel"]
[Black "Papp, Gabor"]
[Result "1/2-1/2"]
[Board "76"]
[WhiteFideId "5200750"]
[BlackFideId "718602"]
[WhiteTitle "IM"]
[BlackTitle "GM"]
[WhiteElo "2380"]
[BlackElo "2550"]
[WhiteTeam "Philippines"]
[BlackTeam "Hungary B"]
[WhiteClock "0:16:25"]
[BlackClock "0:22:05"]
[Variant "Standard"]

1. Nf3 {[%clk 1:30:56]}  d5 {[%clk 1:30:37]} 2. d4 {[%clk 1:31:18]}  Nf6 {[%clk 1:31:01]} 3. c4 {[%clk 1:31:42]}  e6 {[%clk 1:31:27]} 4. cxd5 {[%clk 1:32:07]}  exd5 {[%clk 1:31:19]} 5. Nc3 {[%clk 1:32:31]}  c6 {[%clk 1:26:19]} 6. Qc2 {[%clk 1:32:20]}  Be7 {[%clk 1:24:13]} 7. Bg5 {[%clk 1:31:06]}  g6 {[%clk 1:20:30]} 8. e3 {[%clk 1:31:29]}  Bf5 {[%clk 1:20:55]} 9. Bd3 {[%clk 1:31:53]}  Bxd3 {[%clk 1:20:51]} 10. Qxd3 {[%clk 1:32:21]}  Nbd7 {[%clk 1:19:35]} 11. Bh6 {[%clk 1:32:35]}  Bf8 {[%clk 1:15:22]} 12. Bf4 {[%clk 1:33:03]}  Qe7 {[%clk 1:12:01]} 13. O-O {[%clk 1:26:19]}  Bg7 {[%clk 1:11:21]} 14. b4 {[%clk 1:13:37]}  O-O {[%clk 1:09:32]} 15. Rab1 {[%clk 1:00:53]}  a6 {[%clk 1:08:16]} 16. a4 {[%clk 1:00:17]}  Ne4 {[%clk 1:08:04]} 17. Nd2 {[%clk 0:51:49]}  g5 {[%clk 1:05:48]} 18. Bg3 {[%clk 0:51:27]}  f5 {[%clk 1:05:36]} 19. f4 {[%clk 0:50:00]}  Nxc3 {[%clk 0:43:33]} 20. Qxc3 {[%clk 0:48:47]}  g4 {[%clk 0:43:55]} 21. Bf2 {[%clk 0:45:24]}  h5 {[%clk 0:39:11]} 22. h4 {[%clk 0:43:25]}  Rfc8 {[%clk 0:32:35]} 23. a5 {[%clk 0:41:53]}  Nf6 {[%clk 0:27:47]} 24. Qd3 {[%clk 0:35:09]}  Qe6 {[%clk 0:27:33]} 25. g3 {[%clk 0:33:42]}  Ne8 {[%clk 0:26:48]} 26. Rfc1 {[%clk 0:29:23]}  Nd6 {[%clk 0:26:24]} 27. Rb3 {[%clk 0:28:24]}  Re8 {[%clk 0:26:00]} 28. Rc2 {[%clk 0:27:26]}  Qf7 {[%clk 0:25:57]} 29. Kg2 {[%clk 0:26:13]}  Re6 {[%clk 0:25:25]} 30. Rc1 {[%clk 0:25:57]}  Rae8 {[%clk 0:25:46]} 31. Rc2 {[%clk 0:25:46]}  Kh7 {[%clk 0:25:57]} 32. Rc1 {[%clk 0:25:58]}  Kg6 {[%clk 0:26:21]} 33. Rc2 {[%clk 0:26:15]}  Bf8 {[%clk 0:26:32]} 34. Rc1 {[%clk 0:26:12]}  Nb5 {[%clk 0:25:33]} 35. Rc2 {[%clk 0:24:47]}  Bd6 {[%clk 0:25:25]} 36. Rcb2 {[%clk 0:23:28]}  Bb8 {[%clk 0:25:09]} 37. Rc2 {[%clk 0:23:27]}  Ba7 {[%clk 0:24:20]} 38. Rc1 {[%clk 0:20:54]}  Bb8 {[%clk 0:19:20]} 39. Rc2 {[%clk 0:20:49]}  Bd6 {[%clk 0:19:46]} 40. Rcb2 {[%clk 0:19:57]}  Bf8 {[%clk 0:19:12]} 41. Rc2 {[%clk 0:18:58]}  Rb8 {[%clk 0:15:48]} 42. Ra2 {[%clk 0:16:11]}  Ree8 {[%clk 0:16:06]} 43. Rb1 {[%clk 0:14:07]}  Qe6 {[%clk 0:14:43]} 44. Rb3 {[%clk 0:12:51]}  Rbc8 {[%clk 0:14:49]} 45. Rb1 {[%clk 0:13:07]}  Rcd8 {[%clk 0:15:14]} 46. Rb3 {[%clk 0:13:15]}  Ra8 {[%clk 0:15:38]} 47. Rb1 {[%clk 0:12:35]}  Rad8 {[%clk 0:14:46]} 48. Rb3 {[%clk 0:12:51]}  Nd6 {[%clk 0:15:11]} 49. Rc2 {[%clk 0:13:07]}  Bg7 {[%clk 0:12:46]} 50. Rc1 {[%clk 0:12:01]}  Bf6 {[%clk 0:10:32]} 51. Kg1 {[%clk 0:08:34]}  Re7 {[%clk 0:08:09]} 52. Kh2 {[%clk 0:06:55]}  Kh6 {[%clk 0:08:37]} 53. Kg2 {[%clk 0:06:50]}  Rg7 {[%clk 0:09:05]} 54. Rbc3 {[%clk 0:29:28]}  Qe7 {[%clk 0:38:03]} 55. Rh1 {[%clk 0:28:43]}  Qe6 {[%clk 0:36:54]} 56. Rc2 {[%clk 0:28:15]}  Be7 {[%clk 0:37:11]} 57. Rc3 {[%clk 0:26:22]}  Rgg8 {[%clk 0:32:30]} 58. Rc2 {[%clk 0:26:12]}  Rg6 {[%clk 0:32:58]} 59. Rc3 {[%clk 0:25:55]}  Nb5 {[%clk 0:27:15]} 60. Rb3 {[%clk 0:26:15]}  Rb8 {[%clk 0:27:39]} 61. Ra1 {[%clk 0:25:29]}  Rgg8 {[%clk 0:27:48]} 62. Ra2 {[%clk 0:25:08]}  Nd6 {[%clk 0:28:08]} 63. Rc2 {[%clk 0:25:03]}  Rbd8 {[%clk 0:27:20]} 64. Rc1 {[%clk 0:25:18]}  Rg6 {[%clk 0:26:52]} 65. Rbc3 {[%clk 0:23:39]}  Qf7 {[%clk 0:27:01]} 66. Rb3 {[%clk 0:22:08]}  Rb8 {[%clk 0:26:59]} 67. Rc2 {[%clk 0:22:08]}  Qf8 {[%clk 0:26:36]} 68. Rc1 {[%clk 0:22:03]}  Qd8 {[%clk 0:26:55]} 69. Kh2 {[%clk 0:19:37]}  Rg7 {[%clk 0:25:10]} 70. Rbb1 {[%clk 0:19:17]}  Qf8 {[%clk 0:24:30]} 71. Rb3 {[%clk 0:19:12]}  Re8 {[%clk 0:22:01]} 72. Kg2 {[%clk 0:18:11]}  Qf7 {[%clk 0:22:10]} 73. Rbb1 {[%clk 0:17:24]}  Qe6 {[%clk 0:22:32]} 74. Rc2 {[%clk 0:16:25]}  Bf8 {[%clk 0:22:02]} 75. Rb3 {[%clk 0:16:25]}  Rb8 {[%clk 0:22:05]} 1/2-1/2

[Event "45th FIDE Chess Olympiad Open"]
[Site "Budapest, Hungary"]
[Date "2024.09.22"]
[Round "11"]
[White "Dardha, Daniel"]
[Black "Brkic, Ante"]
[Result "1/2-1/2"]
[Board "77"]
[WhiteFideId "240990"]
[BlackFideId "14506688"]
[WhiteTitle "GM"]
[BlackTitle "GM"]
[WhiteElo "2603"]
[BlackElo "2642"]
[WhiteTeam "Belgium"]
[BlackTeam "Croatia"]
[WhiteClock "0:09:42"]
[BlackClock "0:03:34"]
[Variant "Standard"]

1. d4 {[%clk 1:30:56]}  Nf6 {[%clk 1:30:53]} 2. c4 {[%clk 1:31:09]}  e6 {[%clk 1:31:18]} 3. Nc3 {[%clk 1:31:26]}  Bb4 {[%clk 1:31:40]} 4. e3 {[%clk 1:31:47]}  O-O {[%clk 1:31:34]} 5. Bd3 {[%clk 1:32:00]}  d5 {[%clk 1:31:55]} 6. a3 {[%clk 1:32:20]}  Bxc3+ {[%clk 1:32:09]} 7. bxc3 {[%clk 1:32:45]}  dxc4 {[%clk 1:32:08]} 8. Bxc4 {[%clk 1:33:08]}  c5 {[%clk 1:32:17]} 9. Ne2 {[%clk 1:33:12]}  Qc7 {[%clk 1:32:28]} 10. Bd3 {[%clk 1:33:33]}  Nc6 {[%clk 1:32:26]} 11. O-O {[%clk 1:33:42]}  e5 {[%clk 1:30:16]} 12. Ng3 {[%clk 1:33:37]}  Rd8 {[%clk 1:19:08]} 13. Nh5 {[%clk 1:27:24]}  Nxh5 {[%clk 1:08:29]} 14. Qxh5 {[%clk 1:27:42]}  h6 {[%clk 1:08:51]} 15. Rb1 {[%clk 1:26:28]}  Qe7 {[%clk 0:33:50]} 16. f4 {[%clk 1:09:38]}  exf4 {[%clk 0:31:11]} 17. Rxf4 {[%clk 1:03:27]}  Be6 {[%clk 0:31:40]} 18. Bd2 {[%clk 1:00:35]}  Rd5 {[%clk 0:12:44]} 19. Qe2 {[%clk 0:59:51]}  Rd7 {[%clk 0:13:13]} 20. Rbf1 {[%clk 0:51:46]}  Rad8 {[%clk 0:12:29]} 21. Be1 {[%clk 0:48:30]}  Ne5 {[%clk 0:11:54]} 22. Bb5 {[%clk 0:46:16]}  Ng6 {[%clk 0:11:49]} 23. Re4 {[%clk 0:42:51]}  Rd6 {[%clk 0:09:33]} 24. Bg3 {[%clk 0:30:15]}  Rb6 {[%clk 0:10:01]} 25. h4 {[%clk 0:29:41]}  c4 {[%clk 0:07:55]} 26. a4 {[%clk 0:15:34]}  a6 {[%clk 0:08:22]} 27. h5 {[%clk 0:15:33]}  axb5 {[%clk 0:08:38]} 28. hxg6 {[%clk 0:15:58]}  fxg6 {[%clk 0:08:53]} 29. axb5 {[%clk 0:16:06]}  Rxb5 {[%clk 0:08:08]} 30. Re5 {[%clk 0:14:00]}  Rxe5 {[%clk 0:07:09]} 31. Bxe5 {[%clk 0:14:26]}  b5 {[%clk 0:03:34]} 32. e4 {[%clk 0:09:42]} 1/2-1/2

[Event "45th FIDE Chess Olympiad Open"]
[Site "Budapest, Hungary"]
[Date "2024.09.22"]
[Round "11"]
[White "Martinovic, Sasa"]
[Black "Vandenbussche, Thibaut"]
[Result "1-0"]
[Board "78"]
[WhiteFideId "14509792"]
[BlackFideId "204412"]
[WhiteTitle "GM"]
[BlackTitle "IM"]
[WhiteElo "2563"]
[BlackElo "2461"]
[WhiteTeam "Croatia"]
[BlackTeam "Belgium"]
[WhiteClock "0:12:07"]
[BlackClock "0:02:04"]
[Variant "Standard"]

1. d4 {[%clk 1:30:59]}  d5 {[%clk 1:30:53]} 2. c4 {[%clk 1:31:24]}  e6 {[%clk 1:31:19]} 3. Nf3 {[%clk 1:31:40]}  c5 {[%clk 1:31:45]} 4. cxd5 {[%clk 1:32:03]}  exd5 {[%clk 1:32:13]} 5. Bg5 {[%clk 1:32:11]}  Be7 {[%clk 1:32:31]} 6. Bxe7 {[%clk 1:32:30]}  Qxe7 {[%clk 1:32:59]} 7. e3 {[%clk 1:32:40]}  Nf6 {[%clk 1:32:47]} 8. Bb5+ {[%clk 1:32:59]}  Bd7 {[%clk 1:30:28]} 9. Bxd7+ {[%clk 1:33:23]}  Nbxd7 {[%clk 1:30:53]} 10. dxc5 {[%clk 1:33:50]}  Nxc5 {[%clk 1:30:18]} 11. Nc3 {[%clk 1:34:15]}  O-O {[%clk 1:30:07]} 12. O-O {[%clk 1:34:40]}  Rfd8 {[%clk 1:27:52]} 13. Rc1 {[%clk 1:35:01]}  Nce4 {[%clk 1:21:08]} 14. Qb3 {[%clk 1:30:50]}  a6 {[%clk 1:15:47]} 15. h3 {[%clk 1:30:16]}  Rd6 {[%clk 1:10:56]} 16. Ne2 {[%clk 1:25:45]}  g6 {[%clk 0:58:03]} 17. Rc2 {[%clk 1:24:25]}  Rc6 {[%clk 0:49:44]} 18. Rfc1 {[%clk 1:21:58]}  Rxc2 {[%clk 0:48:01]} 19. Rxc2 {[%clk 1:21:05]}  Qd7 {[%clk 0:37:53]} 20. Ne5 {[%clk 1:13:24]}  Qf5 {[%clk 0:33:41]} 21. Nd3 {[%clk 1:04:36]}  Rc8 {[%clk 0:33:53]} 22. Nd4 {[%clk 1:02:44]}  Qd7 {[%clk 0:33:19]} 23. Rxc8+ {[%clk 0:54:13]}  Qxc8 {[%clk 0:33:48]} 24. f3 {[%clk 0:54:37]}  Nd2 {[%clk 0:29:16]} 25. Qb4 {[%clk 0:37:10]}  Nc4 {[%clk 0:28:43]} 26. Qe7 {[%clk 0:37:04]}  Qe8 {[%clk 0:24:07]} 27. Qxe8+ {[%clk 0:37:09]}  Nxe8 {[%clk 0:24:35]} 28. Kf2 {[%clk 0:37:32]}  h5 {[%clk 0:19:56]} 29. h4 {[%clk 0:26:19]}  Nc7 {[%clk 0:19:34]} 30. b3 {[%clk 0:26:17]}  Nd6 {[%clk 0:19:57]} 31. Kg3 {[%clk 0:26:14]}  Kg7 {[%clk 0:16:35]} 32. Kf4 {[%clk 0:25:55]}  Kf6 {[%clk 0:16:43]} 33. g4 {[%clk 0:25:09]}  hxg4 {[%clk 0:10:33]} 34. fxg4 {[%clk 0:25:35]}  Ncb5 {[%clk 0:08:52]} 35. g5+ {[%clk 0:13:58]}  Ke7 {[%clk 0:09:06]} 36. Ke5 {[%clk 0:14:27]}  Nc3 {[%clk 0:05:19]} 37. Nb4 {[%clk 0:14:23]}  Kd7 {[%clk 0:02:53]} 38. a4 {[%clk 0:14:49]}  Nde4 {[%clk 0:00:52]} 39. Nxd5 {[%clk 0:14:32]}  Nxd5 {[%clk 0:01:14]} 40. Kxd5 {[%clk 0:14:36]}  Nc3+ {[%clk 0:00:41]} 41. Kc5 {[%clk 0:09:47]}  Ne4+ {[%clk 0:22:47]} 42. Kb6 {[%clk 0:29:37]}  Kc8 {[%clk 0:23:05]} 43. Nf3 {[%clk 0:29:13]}  Kb8 {[%clk 0:16:57]} 44. Ne5 {[%clk 0:26:19]}  Nd6 {[%clk 0:17:26]} 45. Kc5 {[%clk 0:22:52]}  Kc7 {[%clk 0:17:55]} 46. Kd5 {[%clk 0:23:16]}  a5 {[%clk 0:16:55]} 47. e4 {[%clk 0:21:53]}  b6 {[%clk 0:17:23]} 48. Nc4 {[%clk 0:19:12]}  Ne8 {[%clk 0:11:50]} 49. e5 {[%clk 0:17:05]}  Ng7 {[%clk 0:12:11]} 50. Nd6 {[%clk 0:17:02]}  Kd7 {[%clk 0:12:16]} 51. Nxf7 {[%clk 0:16:39]}  Nf5 {[%clk 0:12:38]} 52. e6+ {[%clk 0:15:37]}  Ke7 {[%clk 0:13:06]} 53. Ne5 {[%clk 0:12:42]}  Nxh4 {[%clk 0:13:11]} 54. Nc6+ {[%clk 0:13:09]}  Ke8 {[%clk 0:13:23]} 55. Ke5 {[%clk 0:13:05]}  Ng2 {[%clk 0:06:45]} 56. Kf6 {[%clk 0:12:44]}  Nf4 {[%clk 0:05:53]} 57. e7 {[%clk 0:12:33]}  Nd3 {[%clk 0:02:50]} 58. Kxg6 {[%clk 0:12:12]}  Nc5 {[%clk 0:03:05]} 59. Kf6 {[%clk 0:12:08]}  Ne4+ {[%clk 0:02:04]} 60. Kf5 {[%clk 0:12:07]} 1-0

[Event "45th FIDE Chess Olympiad Open"]
[Site "Budapest, Hungary"]
[Date "2024.09.22"]
[Round "11"]
[White "Maerevoet, Sim"]
[Black "Livaic, Leon"]
[Result "0-1"]
[Board "79"]
[WhiteFideId "241725"]
[BlackFideId "14531534"]
[WhiteTitle "IM"]
[BlackTitle "GM"]
[WhiteElo "2432"]
[BlackElo "2550"]
[WhiteTeam "Belgium"]
[BlackTeam "Croatia"]
[WhiteClock "0:00:35"]
[BlackClock "0:03:33"]
[Variant "Standard"]

1. c4 {[%clk 1:30:57]}  d6 {[%clk 1:30:25]} 2. Nc3 {[%clk 1:30:00]}  e5 {[%clk 1:30:38]} 3. Nf3 {[%clk 1:29:21]}  f5 {[%clk 1:30:41]} 4. d4 {[%clk 1:26:06]}  e4 {[%clk 1:30:56]} 5. Ng5 {[%clk 1:25:43]}  c6 {[%clk 1:30:12]} 6. g3 {[%clk 1:23:12]}  Be7 {[%clk 1:28:54]} 7. h4 {[%clk 1:22:59]}  Nf6 {[%clk 1:26:12]} 8. Bg2 {[%clk 1:15:58]}  Na6 {[%clk 1:16:39]} 9. O-O {[%clk 1:12:35]}  Nc7 {[%clk 1:10:47]} 10. b3 {[%clk 1:02:51]}  d5 {[%clk 1:07:53]} 11. Bf4 {[%clk 1:00:36]}  h6 {[%clk 0:51:09]} 12. Nh3 {[%clk 1:00:09]}  Be6 {[%clk 0:43:48]} 13. Rc1 {[%clk 0:59:17]}  Bd6 {[%clk 0:41:20]} 14. e3 {[%clk 0:53:58]}  Bf7 {[%clk 0:37:59]} 15. cxd5 {[%clk 0:52:09]}  Ncxd5 {[%clk 0:33:25]} 16. Nxd5 {[%clk 0:50:54]}  Nxd5 {[%clk 0:31:31]} 17. Be5 {[%clk 0:43:17]}  O-O {[%clk 0:29:13]} 18. Nf4 {[%clk 0:42:54]}  Bxe5 {[%clk 0:24:54]} 19. dxe5 {[%clk 0:43:17]}  Re8 {[%clk 0:25:05]} 20. Nxd5 {[%clk 0:39:34]}  Qxd5 {[%clk 0:23:39]} 21. Qxd5 {[%clk 0:29:29]}  Bxd5 {[%clk 0:24:04]} 22. Rfd1 {[%clk 0:29:50]}  Kf7 {[%clk 0:21:33]} 23. Bf1 {[%clk 0:29:32]}  Rad8 {[%clk 0:20:01]} 24. Rc5 {[%clk 0:21:03]}  b6 {[%clk 0:14:46]} 25. Rc2 {[%clk 0:18:08]}  Ke6 {[%clk 0:14:56]} 26. Rcd2 {[%clk 0:11:34]}  Kxe5 {[%clk 0:14:26]} 27. Bc4 {[%clk 0:11:17]}  g5 {[%clk 0:13:20]} 28. hxg5 {[%clk 0:11:21]}  hxg5 {[%clk 0:13:47]} 29. b4 {[%clk 0:11:01]}  Rd6 {[%clk 0:11:07]} 30. Bxd5 {[%clk 0:08:50]}  cxd5 {[%clk 0:10:35]} 31. Rc1 {[%clk 0:08:25]}  f4 {[%clk 0:08:46]} 32. Rc7 {[%clk 0:07:44]}  f3 {[%clk 0:07:21]} 33. g4 {[%clk 0:07:19]}  d4 {[%clk 0:05:04]} 34. Rxd4 {[%clk 0:06:59]}  Rxd4 {[%clk 0:05:30]} 35. exd4+ {[%clk 0:07:26]}  Kxd4 {[%clk 0:05:52]} 36. Rxa7 {[%clk 0:03:03]}  e3 {[%clk 0:04:44]} 37. fxe3+ {[%clk 0:03:23]}  Kxe3 {[%clk 0:05:10]} 38. Kf1 {[%clk 0:01:48]}  Rh8 {[%clk 0:02:55]} 39. Re7+ {[%clk 0:01:31]}  Kf4 {[%clk 0:03:21]} 40. Kg1 {[%clk 0:00:35]}  Kg3 {[%clk 0:03:33]} 0-1

[Event "45th FIDE Chess Olympiad Open"]
[Site "Budapest, Hungary"]
[Date "2024.09.22"]
[Round "11"]
[White "Stevic, Hrvoje"]
[Black "Lenaerts, Lennert"]
[Result "1-0"]
[Board "80"]
[WhiteFideId "14502569"]
[BlackFideId "211435"]
[WhiteTitle "GM"]
[BlackTitle "FM"]
[WhiteElo "2531"]
[BlackElo "2300"]
[WhiteTeam "Croatia"]
[BlackTeam "Belgium"]
[WhiteClock "0:01:51"]
[BlackClock "0:41:11"]
[Variant "Standard"]

1. e4 {[%clk 1:30:55]}  e5 {[%clk 1:30:56]} 2. Nf3 {[%clk 1:30:55]}  Nc6 {[%clk 1:31:21]} 3. Bc4 {[%clk 1:30:18]}  Bc5 {[%clk 1:31:23]} 4. O-O {[%clk 1:29:29]}  Nf6 {[%clk 1:31:29]} 5. d3 {[%clk 1:29:50]}  a6 {[%clk 1:29:39]} 6. c3 {[%clk 1:27:19]}  d6 {[%clk 1:30:04]} 7. a4 {[%clk 1:27:09]}  Ba7 {[%clk 1:30:21]} 8. Re1 {[%clk 1:26:30]}  h6 {[%clk 1:30:27]} 9. Nbd2 {[%clk 1:26:04]}  O-O {[%clk 1:30:19]} 10. h3 {[%clk 1:26:16]}  Re8 {[%clk 1:30:32]} 11. b4 {[%clk 1:25:46]}  Be6 {[%clk 1:30:46]} 12. Bxe6 {[%clk 1:25:52]}  Rxe6 {[%clk 1:31:12]} 13. Qc2 {[%clk 1:26:12]}  Qd7 {[%clk 1:29:47]} 14. Rb1 {[%clk 1:21:24]}  Ne7 {[%clk 1:26:18]} 15. Nf1 {[%clk 1:19:05]}  Re8 {[%clk 1:20:04]} 16. b5 {[%clk 1:02:55]}  axb5 {[%clk 1:09:05]} 17. axb5 {[%clk 1:01:47]}  Ng6 {[%clk 1:07:39]} 18. Ng3 {[%clk 0:45:22]}  Bc5 {[%clk 0:58:34]} 19. d4 {[%clk 0:30:30]}  exd4 {[%clk 0:58:49]} 20. cxd4 {[%clk 0:30:44]}  Bb6 {[%clk 0:59:14]} 21. Bd2 {[%clk 0:30:21]}  Ra8 {[%clk 0:56:50]} 22. d5 {[%clk 0:27:43]}  Ree8 {[%clk 0:56:58]} 23. Bc3 {[%clk 0:28:09]}  Ne5 {[%clk 0:55:28]} 24. Nxe5 {[%clk 0:24:40]}  dxe5 {[%clk 0:55:54]} 25. Rb3 {[%clk 0:15:05]}  Ba5 {[%clk 0:52:20]} 26. Rc1 {[%clk 0:09:55]}  Bxc3 {[%clk 0:48:39]} 27. Rxc3 {[%clk 0:10:23]}  Qxb5 {[%clk 0:46:23]} 28. Rb1 {[%clk 0:10:25]}  Qa4 {[%clk 0:46:18]} 29. Rxb7 {[%clk 0:10:36]}  Qxc2 {[%clk 0:43:49]} 30. Rxc2 {[%clk 0:11:00]}  Rec8 {[%clk 0:43:50]} 31. Rcxc7 {[%clk 0:09:43]}  Rxc7 {[%clk 0:44:16]} 32. Rxc7 {[%clk 0:10:09]}  g6 {[%clk 0:44:40]} 33. f3 {[%clk 0:10:30]}  Kf8 {[%clk 0:44:53]} 34. h4 {[%clk 0:09:27]}  h5 {[%clk 0:45:02]} 35. Nf1 {[%clk 0:08:57]}  Ne8 {[%clk 0:45:00]} 36. Rc6 {[%clk 0:07:18]}  Ra1 {[%clk 0:44:52]} 37. Kf2 {[%clk 0:07:42]}  Ra2+ {[%clk 0:45:17]} 38. Kg3 {[%clk 0:07:55]}  Re2 {[%clk 0:44:55]} 39. d6 {[%clk 0:05:15]}  Nf6 {[%clk 0:45:15]} 40. Rc8+ {[%clk 0:05:40]}  Kg7 {[%clk 0:45:41]} 41. Rd8 {[%clk 0:02:05]}  Re1 {[%clk 0:41:11]} 42. Nd2 {[%clk 0:01:51]} 1-0

[Event "45th FIDE Chess Olympiad Open"]
[Site "Budapest, Hungary"]
[Date "2024.09.22"]
[Round "11"]
[White "Galaviz Medina, Sion Radamantys"]
[Black "Andersen, Mads"]
[Result "1-0"]
[Board "81"]
[WhiteFideId "5123119"]
[BlackFideId "1413864"]
[WhiteTitle "IM"]
[BlackTitle "GM"]
[WhiteElo "2488"]
[BlackElo "2598"]
[WhiteTeam "Mexico"]
[BlackTeam "Denmark"]
[WhiteClock "0:20:25"]
[BlackClock "0:23:32"]
[Variant "Standard"]

1. d4 {[%clk 1:30:57]}  d5 {[%clk 1:30:56]} 2. c4 {[%clk 1:31:23]}  dxc4 {[%clk 1:31:24]} 3. e3 {[%clk 1:31:50]}  Nf6 {[%clk 1:31:48]} 4. Bxc4 {[%clk 1:32:17]}  e6 {[%clk 1:32:12]} 5. Nf3 {[%clk 1:32:43]}  c5 {[%clk 1:32:38]} 6. O-O {[%clk 1:33:06]}  a6 {[%clk 1:33:06]} 7. Qe2 {[%clk 1:32:08]}  b5 {[%clk 1:33:27]} 8. Bd3 {[%clk 1:30:59]}  Nbd7 {[%clk 1:33:45]} 9. a4 {[%clk 1:30:10]}  c4 {[%clk 1:34:03]} 10. Bc2 {[%clk 1:30:35]}  Bb7 {[%clk 1:34:29]} 11. e4 {[%clk 1:14:59]}  Be7 {[%clk 1:34:17]} 12. Rd1 {[%clk 1:01:52]}  O-O {[%clk 1:31:33]} 13. Nbd2 {[%clk 0:59:50]}  Qb6 {[%clk 1:19:49]} 14. Nf1 {[%clk 0:56:00]}  Rfd8 {[%clk 1:17:55]} 15. Ng3 {[%clk 0:55:33]}  Nf8 {[%clk 1:17:31]} 16. Be3 {[%clk 0:54:24]}  Ng6 {[%clk 1:12:42]} 17. Ne5 {[%clk 0:43:23]}  Rac8 {[%clk 1:02:20]} 18. f4 {[%clk 0:40:55]}  c3 {[%clk 0:58:40]} 19. b3 {[%clk 0:38:59]}  Nd7 {[%clk 0:52:06]} 20. Nf3 {[%clk 0:32:22]}  Nf6 {[%clk 0:49:01]} 21. Kh1 {[%clk 0:18:44]}  Ng4 {[%clk 0:36:12]} 22. Bc1 {[%clk 0:10:28]}  Qc7 {[%clk 0:35:55]} 23. f5 {[%clk 0:07:51]}  exf5 {[%clk 0:32:58]} 24. Nxf5 {[%clk 0:08:02]}  Bf8 {[%clk 0:28:46]} 25. e5 {[%clk 0:04:45]}  bxa4 {[%clk 0:28:04]} 26. Rxa4 {[%clk 0:03:43]}  Re8 {[%clk 0:22:14]} 27. Rc4 {[%clk 0:02:52]}  Qb6 {[%clk 0:18:37]} 28. Rxc8 {[%clk 0:02:46]}  Bxc8 {[%clk 0:19:06]} 29. h3 {[%clk 0:02:05]}  Nf6 {[%clk 0:16:57]} 30. Ng5 {[%clk 0:01:06]}  h6 {[%clk 0:12:49]} 31. Nxf7 {[%clk 0:01:04]}  Kxf7 {[%clk 0:12:35]} 32. Rf1 {[%clk 0:01:29]}  Bxf5 {[%clk 0:04:48]} 33. Bxf5 {[%clk 0:01:52]}  Nxe5 {[%clk 0:02:19]} 34. dxe5 {[%clk 0:02:17]}  Qc5 {[%clk 0:01:08]} 35. e6+ {[%clk 0:00:38]}  Kg8 {[%clk 0:01:33]} 36. Bg6 {[%clk 0:00:38]}  Rd8 {[%clk 0:01:08]} 37. Bf7+ {[%clk 0:00:42]}  Kh8 {[%clk 0:01:25]} 38. Bg6 {[%clk 0:00:34]}  Qb5 {[%clk 0:01:26]} 39. Qe1 {[%clk 0:00:33]}  Bb4 {[%clk 0:01:07]} 40. Bc2 {[%clk 0:00:43]}  Nh5 {[%clk 0:00:53]} 41. Rf5 {[%clk 0:27:36]}  Qe8 {[%clk 0:30:27]} 42. Qh4 {[%clk 0:25:47]}  g6 {[%clk 0:26:00]} 43. Rxh5 {[%clk 0:22:52]}  gxh5 {[%clk 0:26:29]} 44. Qf6+ {[%clk 0:19:17]}  Kg8 {[%clk 0:26:52]} 45. Bxh6 {[%clk 0:19:40]}  Bf8 {[%clk 0:22:48]} 46. Bxf8 {[%clk 0:19:34]}  Qxf8 {[%clk 0:23:08]} 47. Qg5+ {[%clk 0:20:00]}  Kh8 {[%clk 0:23:32]} 48. Qxh5+ {[%clk 0:20:25]} 1-0

[Event "45th FIDE Chess Olympiad Open"]
[Site "Budapest, Hungary"]
[Date "2024.09.22"]
[Round "11"]
[White "Thybo, Jesper Sondergaard"]
[Black "Hernandez Guerrero, Gilberto"]
[Result "1/2-1/2"]
[Board "82"]
[WhiteFideId "1438832"]
[BlackFideId "5100011"]
[WhiteTitle "GM"]
[BlackTitle "GM"]
[WhiteElo "2555"]
[BlackElo "2482"]
[WhiteTeam "Denmark"]
[BlackTeam "Mexico"]
[WhiteClock "0:06:33"]
[BlackClock "0:03:47"]
[Variant "Standard"]

1. d4 {[%clk 1:30:55]}  Nf6 {[%clk 1:30:27]} 2. c4 {[%clk 1:31:15]}  e6 {[%clk 1:30:19]} 3. Nf3 {[%clk 1:31:04]}  Bb4+ {[%clk 1:30:34]} 4. Bd2 {[%clk 1:31:08]}  Qe7 {[%clk 1:30:55]} 5. g3 {[%clk 1:31:07]}  Bxd2+ {[%clk 1:30:40]} 6. Qxd2 {[%clk 1:31:29]}  Nc6 {[%clk 1:30:55]} 7. a3 {[%clk 1:31:23]}  d5 {[%clk 1:28:38]} 8. Bg2 {[%clk 1:31:39]}  O-O {[%clk 1:22:26]} 9. O-O {[%clk 1:31:49]}  dxc4 {[%clk 1:20:19]} 10. Qc3 {[%clk 1:30:03]}  Rd8 {[%clk 1:19:38]} 11. Nbd2 {[%clk 1:29:04]}  Nd5 {[%clk 1:14:45]} 12. Qxc4 {[%clk 1:29:22]}  e5 {[%clk 1:14:59]} 13. dxe5 {[%clk 1:29:19]}  Nxe5 {[%clk 1:14:32]} 14. Nxe5 {[%clk 1:28:55]}  Qxe5 {[%clk 1:14:55]} 15. Qc5 {[%clk 1:29:20]}  Be6 {[%clk 1:03:42]} 16. e4 {[%clk 1:28:09]}  b6 {[%clk 1:03:30]} 17. Qc1 {[%clk 1:28:19]}  Nf6 {[%clk 1:00:17]} 18. Nf3 {[%clk 1:28:23]}  Qb5 {[%clk 0:51:09]} 19. e5 {[%clk 1:13:43]}  Ne8 {[%clk 0:44:55]} 20. Nd4 {[%clk 1:07:56]}  Rxd4 {[%clk 0:45:15]} 21. Bxa8 {[%clk 1:08:18]}  Qxe5 {[%clk 0:45:37]} 22. Re1 {[%clk 1:06:12]}  Qd6 {[%clk 0:44:19]} 23. Rd1 {[%clk 1:03:29]}  c5 {[%clk 0:37:52]} 24. Bf3 {[%clk 1:02:16]}  Nc7 {[%clk 0:35:04]} 25. Rxd4 {[%clk 0:54:04]}  Qxd4 {[%clk 0:35:17]} 26. Qc2 {[%clk 0:53:57]}  g6 {[%clk 0:34:42]} 27. Rd1 {[%clk 0:52:46]}  Qf6 {[%clk 0:34:52]} 28. Be2 {[%clk 0:45:56]}  h5 {[%clk 0:33:05]} 29. h4 {[%clk 0:45:00]}  Bf5 {[%clk 0:29:18]} 30. Bd3 {[%clk 0:26:13]}  Bg4 {[%clk 0:29:09]} 31. Be2 {[%clk 0:26:14]}  Bf5 {[%clk 0:27:19]} 32. Qc3 {[%clk 0:26:19]}  Qxc3 {[%clk 0:26:08]} 33. bxc3 {[%clk 0:26:20]}  Kf8 {[%clk 0:26:27]} 34. f3 {[%clk 0:25:38]}  Be6 {[%clk 0:24:53]} 35. Kf2 {[%clk 0:23:21]}  Ke7 {[%clk 0:24:23]} 36. Ke3 {[%clk 0:21:15]}  Nd5+ {[%clk 0:19:56]} 37. Kd2 {[%clk 0:21:30]}  Nf6 {[%clk 0:20:09]} 38. a4 {[%clk 0:19:33]}  Kd6 {[%clk 0:19:11]} 39. a5 {[%clk 0:19:39]}  Kc6 {[%clk 0:19:11]} 40. Rb1 {[%clk 0:16:15]}  c4 {[%clk 0:16:50]} 41. axb6 {[%clk 0:13:46]}  axb6 {[%clk 0:15:42]} 42. Ra1 {[%clk 0:12:10]}  b5 {[%clk 0:13:35]} 43. Ra7 {[%clk 0:10:27]}  Kb6 {[%clk 0:11:21]} 44. Ra8 {[%clk 0:10:00]}  Kc5 {[%clk 0:09:52]} 45. Bd1 {[%clk 0:09:46]}  Nd5 {[%clk 0:01:18]} 46. Bc2 {[%clk 0:09:09]}  b4 {[%clk 0:24:44]} 47. cxb4+ {[%clk 0:37:15]}  Nxb4 {[%clk 0:21:55]} 48. Be4 {[%clk 0:32:42]}  Kd4 {[%clk 0:12:49]} 49. Rd8+ {[%clk 0:32:04]}  Ke5 {[%clk 0:11:26]} 50. Bb7 {[%clk 0:27:51]}  Na2 {[%clk 0:07:09]} 51. Ke3 {[%clk 0:19:42]}  Nb4 {[%clk 0:06:14]} 52. f4+ {[%clk 0:14:45]}  Kf6 {[%clk 0:06:18]} 53. Bc8 {[%clk 0:14:35]}  Nd5+ {[%clk 0:06:15]} 54. Ke4 {[%clk 0:12:14]}  Ne7 {[%clk 0:04:11]} 55. Bxe6 {[%clk 0:10:55]}  Kxe6 {[%clk 0:04:35]} 56. Ra8 {[%clk 0:09:17]}  Nf5 {[%clk 0:04:55]} 57. Ra6+ {[%clk 0:09:20]}  Ke7 {[%clk 0:05:18]} 58. Ke5 {[%clk 0:09:10]}  Nxg3 {[%clk 0:05:29]} 59. Rc6 {[%clk 0:07:37]}  Kf8 {[%clk 0:04:41]} 60. f5 {[%clk 0:05:50]}  Nxf5 {[%clk 0:03:23]} 61. Kf6 {[%clk 0:06:04]}  Ne7 {[%clk 0:03:28]} 62. Rxc4 {[%clk 0:06:22]}  Ng8+ {[%clk 0:03:47]} 63. Kg5 {[%clk 0:06:33]} 1/2-1/2